| 000 | 00619nam a2200205 a 4500 | ||
|---|---|---|---|
| 005 | 20220525155221.0 | ||
| 008 | 090615s1994 es r 000 0 spa d | ||
| 020 | _a8485334787 | ||
| 035 | _aUPN01000171176 | ||
| 049 | _aCG | ||
| 050 | 4 |
_aPQ2678 E9.6 _bT6.5 |
|
| 100 | 1 | _aReynaud, Florence | |
| 245 | 1 | 0 |
_aTom, el de la sexta luna / _cFlorence Reynaud ; tr. Maribel G. Martínez. |
| 260 |
_aMadrid : _bLóguez, _c1994. |
||
| 300 | _a149 p. | ||
| 440 | 3 |
_aLa joven colección ; _v41 |
|
| 534 |
_pTítulo original: _tUne fin du monde comme une autre |
||
| 650 | 4 |
_aNovela francesa _ySiglo XX _914816 |
|
| 905 | _aLibro | ||
| 999 |
_c143281 _d143281 |
||